Možnosti utváření pozitivního vztahu žáků k četbě

Základné projekty k utváraniu pozitívnych postojov žiakov k čítaniu, ktoré môžu učitelia využiť pri rôznych vekových skupinách detí. Podpora čitateľstva a rozvoj čitateľskej gramotnosti. Príklady.

Guardado en:
Detalles Bibliográficos
Autor principal: Šauerová, Markéta
Formato: Capítulo de libro
Lenguaje:eslovaco
Materias:
Etiquetas: Agregar Etiqueta
Sin Etiquetas, Sea el primero en etiquetar este registro!

MARC

LEADER 00000naa a2200000 4500
001 0199747
005 20231127103337.5
041 0 |a slo 
044 |a SK 
245 1 0 |a Možnosti utváření pozitivního vztahu žáků k četbě  |c Markéta Šauerová 
520 |a Základné projekty k utváraniu pozitívnych postojov žiakov k čítaniu, ktoré môžu učitelia využiť pri rôznych vekových skupinách detí. Podpora čitateľstva a rozvoj čitateľskej gramotnosti. Príklady. 
610 2 0 |a výchova 
610 2 0 |a vzdelávanie 
610 2 0 |a vyučovanie 
610 2 0 |a literatúra 
610 2 0 |a motivácia 
610 2 0 |a projekty 
610 2 0 |a knihy 
610 2 0 |a žiaci 
100 1 |a Šauerová, Markéta